000
00332nam a22001457a 4500
008
210312b ||||| |||| 00| 0 eng d
020
_a
9780721681221
041
_a
eng
080
_2
2nd
_a
615.83
082
_a
615.83
100
_a
8
101
_a
EGZ
245
_a
Functional Movement Development
_c
Cech, D. J
942
_2
udc
_c
BK
999
_c
56474
_d
56474